[Event "Mittelfranken-chTB2a 1011"]
[Site "Germany"]
[Date "2010.11.21"]
[Round "3.3"]
[White "Jagla, Michael"]
[Black "Pikal, Alexander"]
[Result "0-1"]
[WhiteElo "1882"]
[BlackElo "1869"]
[PlyCount "78"]
[EventDate "2010.09.26"]
[EventType "team-tourn"]
[EventRounds "9"]
[EventCountry "GER"]
[SourceTitle "EXT 2012"]
[Source "ChessBase"]
[SourceDate "2011.11.24"]
[SourceVersion "1"]
[SourceVersionDate "2011.11.24"]
[SourceQuality "1"]
[WhiteTeam "Wilhermsdorf/Langenzenn"]
[BlackTeam "Ansbach"]
[WhiteTeamCountry "GER"]
[BlackTeamCountry "GER"]

1. c4 Nf6 2. Nc3 d6 3. d4 g6 4. Nf3 Bg7 5. Bg5 Nbd7 6. e4 c6 7. Qd2 h6 8. Bf4 Nh5 9. Be3 e5 10. 0-0-0 Qc7 11. dxe5 dxe5 12. g3 Nhf6 13. h3 b6 14. g4 a5 15. Qd6 Qxd6 16. Rxd6 Bb7 17. Be2 Bf8 18. Rxf6 Nxf6 19. Nxe5 Bd6 20. Nd3 Nd7 21. Rd1 Ba6 22. Nf4 Bc5 23. Bxc5 Nxc5 24. Rd6 Rc8 25. h4 Ke7 26. Rd1 Rcd8 27. b3 Rxd1+ 28. Kxd1 Rd8+ 29. Kc2 Kf6 30. Ng2 Re8 31. f3 g5 32. h5 Rd8 33. Ne3 Bc8 34. Bf1 Ke5 35. Ne2 Nd3 36. c5 Ne1+ 37. Kc3 Rd3+ 38. Kb2 Rxe3 39. cxb6 Rxf3 0-1